Southville International School and Colleges
Your cart is empty.
  • Cart
  • Lists
    Public lists Eva Luna New books Lux_list list_1
    Your lists Log in to create your own lists
  • Log in to your account
  • Your cookies
  • Search history
Southville International School and Colleges
  • Advanced search
  • Recent comments
  • Most popular
  • Libraries

Log in to your account

Log in with GOOGLE


If you do not have an external account, but do have a local account, you can still log in:

  1. Home
  2. MARC view: Fundamentals of pharmacognosy and phytotherapy /
Normal view MARC view ISBD view

Fundamentals of pharmacognosy and phytotherapy / (Record no. 117566)

[ view plain ]
MARC details
000 -LEADER
fixed length control field 00609nam a2200193Ia 4500
008 - FIXED-LENGTH DATA ELEMENTS--GENERAL INFORMATION
fixed length control field 140529s9999 xx 000 0 und d
020 ## - INTERNATIONAL STANDARD BOOK NUMBER
International Standard Book Number 9780702033889
050 ## - LIBRARY OF CONGRESS CALL NUMBER
Classification number RS 160
Item number .F86 2012
245 ## - TITLE STATEMENT
Title Fundamentals of pharmacognosy and phytotherapy /
Statement of responsibility, etc Michael Heinrich ... [et al.]
250 ## - EDITION STATEMENT
Edition statement 2nd ed.
260 ## - PUBLICATION, DISTRIBUTION, ETC. (IMPRINT)
Place of publication, distribution, etc Edinburgh :
Name of publisher, distributor, etc Elsevier,
Date of publication, distribution, etc c2012.
300 ## - PHYSICAL DESCRIPTION
Extent 326 p. :
Other physical details ill. ;
Dimensions 25 cm.
500 ## - GENERAL NOTE
General note Includes bibliographical references and index.
650 ## - SUBJECT ADDED ENTRY--TOPICAL TERM
Topical term or geographic name as entry element Pharmacognosy
General subdivision Methods.
650 ## - SUBJECT ADDED ENTRY--TOPICAL TERM
Topical term or geographic name as entry element Phytotherapy
General subdivision Methods.
650 ## - SUBJECT ADDED ENTRY--TOPICAL TERM
Topical term or geographic name as entry element Plants, Medicinal.
942 ## - ADDED ENTRY ELEMENTS (KOHA)
Call number prefix Foreign
Koha item type Books
Holdings
Withdrawn status Lost status Source of classification or shelving scheme Damaged status Home library Current library Shelving location Date acquired Source of acquisition Cost, normal purchase price Total Checkouts Full call number Barcode Date last seen Date checked out Price effective from Koha item type
    Library of Congress Classification   South SEED-LPDH College Library South SEED-LPDH College Library South SEED-LPDH College Section 05/30/2014 Donation 4377.00 1 RS 160 .F86 2012 SSLC1305 09/14/2017 09/07/2017 05/30/2014 Books

Fundamentals of pharmacognosy and phytotherapy /

APA

(2012). Fundamentals of pharmacognosy and phytotherapy. Edinburgh: Elsevier.

Chicago

2012. Fundamentals of pharmacognosy and phytotherapy. Edinburgh: Elsevier.

Harvard

(2012). Fundamentals of pharmacognosy and phytotherapy. Edinburgh: Elsevier.

MLA

Fundamentals of pharmacognosy and phytotherapy. Edinburgh: Elsevier. 2012.

  • Place hold
  • Print
  • Cite
  • Add to your cart (remove)
  • Save record
    BIBTEX Dublin Core MARCXML MARC (non-Unicode/MARC-8) MARC (Unicode/UTF-8) MARC (Unicode/UTF-8, Standard) MODS (XML) RIS
  • More searches
    Search for this title in:
    Other Libraries (WorldCat) Other Databases (Google Scholar) Online Stores (Bookfinder.com) Open Library (openlibrary.org)

Exporting to Dublin Core...

SOUTHVILLE LIBRARY

Southville International School and Colleges Library

1281 Tropical Ave. Cor. Luxembourg St., BF Homes International, Las Pinas City

Tel. No. 8256374 / 252358 Loc. 117/146

Powered by Koha